MARC details
| 000 -CABECERA |
| campo de control de longitud fija |
00864nam a2200241 a 4500 |
| 001 - NÚMERO DE CONTROL |
| campo de control |
000026047 |
| 005 - FECHA Y HORA DE LA ÚLTIMA TRANSACCIÓN |
| campo de control |
20200930024246.0 |
| 008 - DATOS DE LONGITUD FIJA--INFORMACIÓN GENERAL |
| campo de control de longitud fija |
110225s1970 ec r 000 p spa d |
| 040 ## - FUENTE DE LA CATALOGACIÓN |
| Centro catalogador/agencia de origen |
DO-SdBNP |
| Lengua de catalogación |
spa |
| Centro/agencia transcriptor |
BNPHU |
| 082 ## - NÚMERO DE LA CLASIFICACIÓN DECIMAL DEWEY |
| Número de clasificación |
Ec861.42 |
| Número de documento/Ítem |
M552C |
| 049 ## - FONDOS LOCALES (OCLC) |
| Fondos de biblioteca |
BNGR |
| 100 1# - ENTRADA PRINCIPAL--NOMBRE DE PERSONA |
| Nombre de persona |
Mera, Juan León, |
| Títulos y otros términos asociados al nombre |
1832-1894. |
| 9 (RLIN) |
15561 |
| 245 10 - MENCIÓN DE TÍTULO |
| Título |
Cantares del pueblo ecuatoriano / |
| Mención de responsabilidad, etc. |
Juan León Mera ; introducción Hernán Rodríguez Castelo. |
| 260 ## - PUBLICACIÓN, DISTRIBUCIÓN, ETC. |
| Lugar de publicación, distribución, etc. |
Guayaquil Quito, ( Ecuador) : |
| Nombre del editor, distribuidor, etc. |
Publicaciones Educativas Ariel, |
| Fecha de publicación, distribución, etc. |
[1970?]. |
| 300 ## - DESCRIPCIÓN FÍSICA |
| Extensión |
2 v. ; |
| Dimensiones |
18 cm. |
| 490 1# - MENCIÓN DE SERIE |
| Mención de serie |
Clásicos Ariel |
| Designación de volumen o secuencia |
44 |
| 500 ## - NOTA GENERAL |
| Nota general |
Incluye notas al pie de las páginas |
| 500 ## - NOTA GENERAL |
| Nota general |
La biblioteca posee el segundo tomo |
| 650 #4 - PUNTO DE ACCESO ADICIONAL DE MATERIA--TÉRMINO DE MATERIA |
| Término de materia o nombre geográfico como elemento de entrada |
Poesía ecuatoriana |
| 9 (RLIN) |
13387 |
| 650 #4 - PUNTO DE ACCESO ADICIONAL DE MATERIA--TÉRMINO DE MATERIA |
| Término de materia o nombre geográfico como elemento de entrada |
Literatura ecuatoriana |
| 9 (RLIN) |
3938 |
| 700 1# - PUNTO DE ACCESO ADICIONAL--NOMBRE DE PERSONA |
| Nombre de persona |
Rodríguez Castelo, Hernán, |
| Término indicativo de función/relación |
intr. |
| 9 (RLIN) |
4689 |
| 830 #0 - PUNTO DE ACCESO ADICIONAL DE SERIE-TÍTULO UNIFORME |
| Título uniforme |
Clásicos Ariel ; |
| Designación de volumen o secuencia |
44 |
| 9 (RLIN) |
3125 |